01670 am a2200433 a 450000500170000000800410001702000150005804100080007324500620008125000940014326000490023730000160028665300450030265300110034765300140035865300620037265300100043465300320044465300320047665300440050865300490055265300370060165300230063865300290066165300380069065300490072865300390077765300390081665300370085565300540089265300350094665300680098165300290104965300240107865300360110265300410113870000240117970000330120320120418115320.0100518s1987||||ag a f |||| 00| 0 spa d a9509647039 aspa aAtlas de dermatología clínica / cAnthony du Vivier. a1a ed. en español / bTraducción Julio César Ramos ; Prólogo Richard B. Stoughton aBuenos Aires : bAnejo Producciones, c1987. a350 p.bil. aEstructura y función de la piel normal aEccema aPsoriasis aPitiriasis rosea, liquen plano y pitiriasis rubra pilaris aNevus atumores benignos de la piel aTumores malignos de la piel aMicosis fungoide y trastornos asociados aInfecciones bacterianas de la piel y sifilis aInfecciones cutáneas por virus aMicosis cutáneas aInfestaciones de la piel aInfecciones cutáneas tropicales aErupciones cutáneas por drogas y tóxicos aEnfermedades ampollosas de la piel aTrastornos cutaneos del desarrollo aPiel y enfermedades sistémicas aEnfermedades vasculares del colageno y vasculitis aTrastornos de la circulación aTrastornos de las glándulas sebaceas, sudoriparas y apocrinas aTrastornos de las uñas aTrastornos del pelo aTrastornos de la pigmentación aTrastornos cutáneos psicológicos1 aVivier, Anthony du.1 aMcKee, Phillip H.eConsultor